<?xml version="1.0" encoding="UTF-8"?>
<collection xmlns="http://www.loc.gov/MARC21/slim">
 <record>
  <leader>01716nam a2200241 a 4500</leader>
  <controlfield tag="001">1/34336</controlfield>
  <controlfield tag="008">080215s2007    gr  f     b   00010 gre d</controlfield>
  <datafield tag="020" ind1=" " ind2=" ">
   <subfield code="a">9605160323</subfield>
  </datafield>
  <datafield tag="035" ind1=" " ind2=" ">
   <subfield code="l">36804</subfield>
  </datafield>
  <datafield tag="040" ind1=" " ind2=" ">
   <subfield code="a">GR-PeUP</subfield>
  </datafield>
  <datafield tag="082" ind1="0" ind2="0">
   <subfield code="a">658.5 ΒΛΑ</subfield>
  </datafield>
  <datafield tag="100" ind1="1" ind2=" ">
   <subfield code="a">Βλαχοπούλου, Μάρω.</subfield>
  </datafield>
  <datafield tag="245" ind1="1" ind2="0">
   <subfield code="a">Ολοκληρωμένα πληροφοριακά συστήματα διαχείρισης επιχειρηματικών πόρων :</subfield>
   <subfield code="b">διοικητική και τεχνολογική προσέγγιση /</subfield>
   <subfield code="c">Μ. Βλαχοπούλου, Β. Μάνθου, Δ. Φωλίνας.</subfield>
  </datafield>
  <datafield tag="260" ind1="0" ind2=" ">
   <subfield code="a">Θεσ/νίκη :</subfield>
   <subfield code="b">Ανικούλα,</subfield>
   <subfield code="c">2007.</subfield>
  </datafield>
  <datafield tag="300" ind1=" " ind2=" ">
   <subfield code="a">414 σ. :</subfield>
   <subfield code="b">πιν. ;</subfield>
   <subfield code="c">24 εκ.</subfield>
  </datafield>
  <datafield tag="500" ind1=" " ind2=" ">
   <subfield code="a">Ολοκληρωμένα συστήματα διαχείρισης επιχειρηματικών πόρων-ERP, Συστήματα διαχείρισης εφοδιαστικής αλυσίδας-SCM, πληροφοριακά συστήματα Logistics-LIS, συστήματα διαχείρισης πελατειακών σχέσεων-CRM, συστήματα διαχείρισης σχέσεων με επιχειρηματικούς συνεργάτες-PRM.</subfield>
  </datafield>
  <datafield tag="504" ind1=" " ind2=" ">
   <subfield code="a">Περιέχει βιβλιογραφία.</subfield>
  </datafield>
  <datafield tag="650" ind1=" " ind2="4">
   <subfield code="a">Πληροφοριακά συστήματα</subfield>
   <subfield code="x">Διοίκηση και οργάνωση.</subfield>
  </datafield>
  <datafield tag="650" ind1=" " ind2="4">
   <subfield code="a">Στρατηγικός σχεδιασμός.</subfield>
  </datafield>
  <datafield tag="650" ind1=" " ind2="4">
   <subfield code="a">Εφοδιαστική.</subfield>
  </datafield>
  <datafield tag="700" ind1="1" ind2=" ">
   <subfield code="a">Μάνθου-Φραγκοπούλου, Βασιλική.</subfield>
  </datafield>
  <datafield tag="700" ind1="1" ind2=" ">
   <subfield code="a">Φωλίνας, Δημήτριος.</subfield>
  </datafield>
  <datafield tag="852" ind1=" " ind2=" ">
   <subfield code="a">INST</subfield>
   <subfield code="b">UNIPILB</subfield>
   <subfield code="c">MAIN</subfield>
   <subfield code="e">20080215</subfield>
   <subfield code="h">658.5 ΒΛΑ</subfield>
   <subfield code="p">00154955</subfield>
   <subfield code="q">00154955</subfield>
   <subfield code="t">LOAN</subfield>
   <subfield code="y">0</subfield>
   <subfield code="4">1</subfield>
  </datafield>
 </record>
</collection>
